Library Banner

Encyclopedia of women & Islamic cultures / (Record no. 112586)

MARC details
000 -LEADER
fixed length control field 01072cam a2200301 a 4500
001 - CONTROL NUMBER
control field 13485912
005 - DATE AND TIME OF LATEST TRANSACTION
control field 20190521085348.0
008 - FIXED-LENGTH DATA ELEMENTS--GENERAL INFORMATION
fixed length control field 040210m20032007ne a be 001 0 eng
020 ## - INTERNATIONAL STANDARD BOOK NUMBER
International Standard Book Number 9789004132474 (set : acidfree paper)
020 ## - INTERNATIONAL STANDARD BOOK NUMBER
International Standard Book Number 9004132473 (set : acidfree paper)
020 ## - INTERNATIONAL STANDARD BOOK NUMBER
International Standard Book Number 9004113800 (vol. 1 : acidfree paper)
020 ## - INTERNATIONAL STANDARD BOOK NUMBER
International Standard Book Number 9004128182 (vol. 2 : acidfree paper)
020 ## - INTERNATIONAL STANDARD BOOK NUMBER
International Standard Book Number 9004128190 (vol. 3 : acidfree paper)
020 ## - INTERNATIONAL STANDARD BOOK NUMBER
International Standard Book Number 9789004128200 (vol. 4 : acidfree paper)
020 ## - INTERNATIONAL STANDARD BOOK NUMBER
International Standard Book Number 9004128204 (vol. 4 : acidfree paper)
020 ## - INTERNATIONAL STANDARD BOOK NUMBER
International Standard Book Number 9789004132467 (vol. 6 : acidfree paper)
040 ## - CATALOGING SOURCE
Transcribing agency PK-LaUMT
082 00 - DEWEY DECIMAL CLASSIFICATION NUMBER
Classification number R 297.08203
Edition number 22
Item number ENC-
245 00 - TITLE STATEMENT
Title Encyclopedia of women & Islamic cultures /
Statement of responsibility, etc general editor, Suad Joseph ; associate editors, Afsaneh Najmabadi ... [et al.]
260 ## - PUBLICATION, DISTRIBUTION, ETC. (IMPRINT)
Place of publication, distribution, etc Leiden ;
-- Boston, Mass. :
Name of publisher, distributor, etc Brill,
Date of publication, distribution, etc 2003
300 ## - PHYSICAL DESCRIPTION
Extent 6 v. :
Other physical details ill. ;
Dimensions 28 cm.
650 #0 - SUBJECT ADDED ENTRY--TOPICAL TERM
Topical term or geographic name as entry element Women
Geographic subdivision Islamic countries
650 #0 - SUBJECT ADDED ENTRY--TOPICAL TERM
Topical term or geographic name as entry element Muslim women
650 #0 - SUBJECT ADDED ENTRY--TOPICAL TERM
Topical term or geographic name as entry element Women in Islam
700 1# - ADDED ENTRY--PERSONAL NAME
Personal name Joseph, Suad.
700 1# - ADDED ENTRY--PERSONAL NAME
Personal name Najmabadi, Afsaneh,
942 ## - ADDED ENTRY ELEMENTS (KOHA)
Koha item type Reference
Holdings
Withdrawn status Lost status Damaged status Home library Current library Date acquired Full call number Barcode Date last seen Copy number Price effective from Koha item type
      UMT Main Campus UMT Main Campus 2019-05-21 R 297.08203 ENC- 130131 2019-05-21 Vol.1 2019-05-21 Reference
      UMT Main Campus UMT Main Campus 2019-05-21 R 297.08203 ENC- 130132 2019-05-21 Vol.2 2019-05-21 Reference
      UMT Main Campus UMT Main Campus 2019-05-21 R 297.08203 ENC- 130133 2019-05-21 Vol.3 2019-05-21 Reference
      UMT Main Campus UMT Main Campus 2019-05-21 R 297.08203 ENC- 130134 2019-05-21 Vol.4 2019-05-21 Reference
      UMT Main Campus UMT Main Campus 2019-05-21 R 297.08203 ENC- 130135 2019-05-21 Vol.5 2019-05-21 Reference
      UMT Main Campus UMT Main Campus 2019-05-21 R 297.08203 ENC- 130136 2019-05-21 Vol.6 2019-05-21 Reference